Statistics for Five biggest cities by continent

Click here to take the quiz!

General Stats

  • This quiz has been taken 99 times
  • The average score is 25 of 30

Answer Stats

PopCity% Correct
14.8 MLondon
95%
18.8 MMoscow
94%
11.4 MParis
94%
40.8 MTokyo
94%
22.2 MCairo
93%
4.92 MSydney
93%
17.7 MLos Angeles
92%
23.1 MNew York
92%
24.9 MMexico City
90%
4.95 MMelbourne
89%
13.4 MRio de Janeiro
88%
21.4 MLagos
87%
6.85 MMadrid
87%
40.0 MShanghai
87%
14.8 MJohannesburg
86%
16.7 MBuenos Aires
85%
9.90 MChicago
85%
23.0 MSão Paulo
85%
33.4 MDelhi
82%
2.22 MPerth
82%
10.2 MBogotá
81%
11.6 MLima
79%
1.45 MAuckland
75%
15.0 MKinshasa
75%
16.1 MIstanbul
74%
67.8 MGuangzhou
73%
3.27 MBrisbane
71%
28.9 MJakarta
68%
8.80 MWashington
57%
9.00 MLuanda
44%

Score Distribution

Percentile by Number Answered

Percent of People with Each Score

Your Score History

You have not taken this quiz